Stranger Things - Statistiques

Statistiques générales
  • Ce quiz a été pris 2 523 fois
  • Le résultat moyen est 13 sur 15
Statistiques - réponses
Question Réponse % Correct
Par quel disparition commence la série ? Will
99%
Qui est la deuxième personne disparue ? Barbara
97%
Qui a des pouvoirs ? Eleven
97%
Quel jeu introduit la scène ? Jeu de societé
97%
Où les garçons trouvent ils Eleven ? Dans la forêt
96%
Qui prend des photos en cachette ? Johnattan
94%
Comment Eleven arrive a aller de l'autre côté Dans l'eau
92%
Comment s'appelle le chef du laboratoire ? Dr Brenner
92%
Comment Joyce parle avec Will ? Grâce aux lumières
92%
Comment appellent t'ils l'autre monde ? Le monde a l'envers
92%
Lors de quelle soirée à lieu la 2e disparition ? Soirée piscine
80%
Avec qui sort Nancy ? Steve
67%
Qu'est ce qui attire le Démogorgon ? Le sang
66%
Comment les scientifiques appellent le monstre ? L'Ombre
46%
Qui sauve Will ? Le shérif
43%
Aucun quiz correspondant
Distribution des résultats
% des personnes avec chaque résultat
Percentile par nombre de réponses
Votre historique - résultats
Vous n’avez pas pris ce quiz